000 00288nam a22001337a 4500
008 180906b xxu||||| |||| 00| 0 eng d
020 _a9781457622373
041 _aeng
080 _a34
100 _a15
101 _ajur
245 _aPractical Argument
_cKirsznerLG
942 _2udc
_cBK
999 _c47595
_d47595